Представление документа в формате RUSMARC

ПолеНазваниеЗначение
  Тип записи a
  Библиографический уровень m
001 Контрольный номер RU/CBS_UL/BASE/5315b713bad74ee685e574b522d808b4
005 Дата корректировки 20260112160006.6
010 Индекс ISBN __
a ISBN 978-5-04-188775-9
d Цена 1497 р. 10 к.
9 Тираж 2 000 экз.
b Уточнения в пер.
100 Данные общей обработки __
a Данные общей обработки 20250605d 0rusy0189## ca
101 Язык документа 0_
a Язык текста rus
102 Страна публикации __
a Страна публикации RU
200 Заглавие и сведения об ответственности 1_
a Заглавие Вечный Китай
e Сведения, относящиеся к заглавию полная история великой цивилизации
f Первые сведения об ответственности А. Мадаро
g Последующие сведения об ответственности [пер. с итал. А. Б. Юсуповой]
210 Выходные данные 1_
a Место издания Москва
c Издательство ЭКСМО
c Издательство БОМБОРА
d Дата издания 2025
215 Физическое описание __
a Объем 421, [7] с.
d Формат 24 см.
c Иллюстрации/тип воспроизводства ил.
300 Общие примечания __
a Общие примечания 16+
300 Общие примечания __
a Общие примечания На обл. и тит. л.: Книга от одного из самых выдающихся китаеведов в мире
300 Общие примечания __
a Общие примечания Кн. в суперобл.
606 Тематические рубрики 0_
a Основная рубрика Китай - История
610 Ключевые слова 0_
a Ключевые слова история зарубежных стран; история Китая; правители; маньчжурская династия Цин; императоры китайские; внешняя политика
686 Индексы других классификаций __
2 Код системы rubbk
a Классификационный индекс 63.3(5Кит)
700 Автор _1
a Фамилия Мадаро
b Имя (инициалы) А.
g Полное личное имя Адриано
801 Источник записи _0
a Страна RU
b Организация МБУК ЦБС г. Ульяновска
c Дата составления 20250605
g Правила каталогизации RCR
801 Источник записи _1
a Страна RU
b Организация МБУК ЦБС г. Ульяновска
c Дата составления 20250605
g Правила каталогизации RCR
852 Данные о местонахождении __
i Авторский знак М 13
j Шифр хранения 63.3(5)
900 Электронные ресурсы __
a Имя электронного ресурса Вечный Китай Мадаро А.
901 Тип документа __
t Тип документа m
909 Создатель записи __
a Создатель записи obr2
b Дата создания записи 20250605